Statistics for Countries with the most alcohol consumption

Click here to take the quiz!

General Stats

  • This quiz has been taken 72 times
  • The average score is 11 of 19

Answer Stats

Country% Correct
United Kingdom
94%
Germany
91%
Czechia
87%
Ireland
81%
Austria
80%
Netherlands
80%
Belgium
78%
Slovakia
72%
Australia
70%
Denmark
70%
Croatia
68%
Finland
65%
Lithuania
64%
Luxembourg
52%
Uganda
12%
Tanzania
7%
Venezuela
6%
Eswatini
4%
Gabon
4%

Score Distribution

Percentile by Number Answered

Percent of People with Each Score

Your Score History

You have not taken this quiz